000 00690nam a2200241 i 4500
001 C2-0223712
003 PPAK
005 20180728152457.0
008 000302s1983 my a|||| ||||| | may d
020 _a9836216286
040 _aPPAK
_beng
_cPPAK
_erda
082 0 4 _a635
_223
090 0 0 _a635
_bLEE
_dKIH
100 1 _aLee, Chew Kang,
_eauthor
245 1 0 _aMenanam sayur keperluan sendiri
264 1 _aKuala Lumpur :
_bDewan Bahasa dan Pustaka ,
_c1983 ; 1990
300 _axiii, 186 pages :
_bcolour illustrations ;
_c18 cm
336 _2rdacontent
_atext
337 _2rdamedia
_aunmediated
338 _2rdacarrier
_avolume
650 1 0 _aVegetable gardening
942 _ddc
_cB
999 _c144790
_d144790